Mathematical Logic
محفوظ في:
| المؤلف الرئيسي: | |
|---|---|
| التنسيق: | كتاب |
| اللغة: | الإنجليزية |
| منشور في: |
Nueva York
Sringer-Verlag
1976
|
| الموضوعات: | |
| الوسوم: |
إضافة وسم
لا توجد وسوم, كن أول من يضع وسما على هذه التسجيلة!
|
MARC
| LEADER | 00000nam a2200000 a 4500 | ||
|---|---|---|---|
| 001 | UCQ8057 | ||
| 003 | CL-VaPUC | ||
| 008 | 981127e19760000US |||||||||||||||||eng|d | ||
| 082 | 0 | 4 | |a 511.3 |b MON |2 21 |
| 100 | |a Monk, James Donald |e autor |9 421895 | ||
| 245 | 1 | 0 | |a Mathematical Logic |
| 300 | |a 531 p | ||
| 942 | |c BK | ||
| 945 | |d 19981127 00:00:00 |a crobeson | ||
| 260 | |a Nueva York |b Sringer-Verlag |c 1976 | ||
| 650 | 0 | |a Lógica matemática |9 262442 | |
| 650 | 0 | |a Lógica simbólica |9 269868 | |
| 650 | 0 | |a Lógica |9 256849 | |
| 650 | 7 | |a FUNCIONES RECURSIVAS |2 CL-VaPUC |9 270697 | |
| 650 | 7 | |a TEORIA DE LOS MODELOS |2 CL-VaPUC |9 270393 | |
| 583 | |a last modification |c 19981127 00:00:00 |k Rodrigo Vera | ||
| 999 | |c 277418 |d 277416 | ||
| 952 | |0 0 |1 0 |4 0 |6 511_300000000000000_MON_1976 |7 0 |8 A |9 315330 |a BIBMAT |b BIBMAT |d 2019-11-20 |i 1496700 |o 511.3 MON 1976 |p 1496700 |r 2025-01-07 |w 2019-11-20 |y BK |k MAT | ||